Ο μύθος του Προμηθέα και ο ζωγραφικός διάκοσμος της Ακαδημίας Αθηνών
Αποθηκεύτηκε σε:
| Κύριος συγγραφέας: | |
|---|---|
| Μορφή: | Βιβλίο |
| Γλώσσα: | Greek |
| Δημοσίευση: |
Αθήνα :
Γραφείο Δημοσιευμάτων της Ακαδημίας Αθηνών,
2003.
|
| Θέματα: | |
| Ετικέτες: |
Προσθήκη ετικέτας
Δεν υπάρχουν, Καταχωρήστε ετικέτα πρώτοι!
|
MARC
| LEADER | 00000cam a2200000 i 4500 | ||
|---|---|---|---|
| 001 | 1/32380 | ||
| 008 | 060718s2003 gr | ||| |||| ||gre|| | ||
| 020 | |a 9604040189 | ||
| 035 | |l 10084661 | ||
| 040 | |a GR-MyUa |b gre |e AACR2 | ||
| 041 | 0 | |a gre | |
| 082 | 7 | |a 753.7 |2 (22) | |
| 100 | 1 | |a Χρήστου, Χρύσανθος, |d 1922-2016. | |
| 245 | 1 | 2 | |a Ο μύθος του Προμηθέα και ο ζωγραφικός διάκοσμος της Ακαδημίας Αθηνών / |c Χρύσανθου Χρήστου. |
| 260 | |a Αθήνα : |b Γραφείο Δημοσιευμάτων της Ακαδημίας Αθηνών, |c 2003. | ||
| 300 | |a 187 σ. : |b έγχρ. εικ. ; |c 25 εκ. | ||
| 504 | |a Περιλαμβάνει βιβλιογραφίες. | ||
| 600 | 0 | 0 | |a Prometheus (Greek diety) |x Art. |
| 610 | 2 | 0 | |a Ακαδημία Αθηνών. |
| 650 | 0 | |a Painting, Greek |y 20th century. | |
| 852 | |a INST |b LESVOS |e 20060718 |h 753.7 ΧΡΗ |p 005100036342 |q 005100036342 |t BK |y 0 | ||
| 852 | |a INST |b SYROS |e 20110908 |h 753.7 ΧΡΗ |p 005500009711 |q 005500009711 |t BK |y 0 | ||
| 901 | |a BIBL5-2011-2 | ||
| 901 | |a BIBL1-2006-2 | ||
| 970 | |a Καρά |b Γιασεμή |z 18/07/2006 | ||